[Event "CHI-ch U20 Girls"]
[Site "Maipu"]
[Date "2017.02.08"]
[Round "4.1"]
[White "Santana Gonzalez, Valentina"]
[Black "Gomez Barrera, Javiera Belen"]
[Result "1/2-1/2"]
[WhiteElo "1738"]
[BlackElo "1929"]
[PlyCount "61"]
[EventDate "2017.02.07"]
[EventType "swiss"]
[EventRounds "9"]
[EventCountry "CHI"]
[SourceTitle "EXT 2024"]
[Source "ChessBase"]
[SourceDate "2023.10.10"]
[SourceVersion "1"]
[SourceVersionDate "2023.10.10"]
[SourceQuality "1"]

1. d4 Nf6 2. Bg5 Ne4 3. Bh4 d5 4. f3 Nf6 5. Nc3 e6 6. e4 Be7 7. e5 Nfd7 8. Bxe7 Qxe7 9. f4 a6 10. Qd2 c5 11. dxc5 Nxc5 12. Nf3 Nc6 13. Bd3 0-0 14. 0-0 b5 15. Ne2 f6 16. Ned4 Nxd4 17. Nxd4 fxe5 18. Nc6 Qc7 19. Nxe5 Bb7 20. c3 Nxd3 21. Qxd3 Rad8 22. Qd4 Rf6 23. Rf3 a5 24. a3 Rdf8 25. Raf1 Bc8 26. R1f2 Bd7 27. Rg3 Be8 28. Rgf3 Qd6 29. Qa7 g5 30. Rg3 Bg6 31. Qe3 1/2-1/2

[Event "CHI-ch (Women)"]
[Site "Santiago de Chile"]
[Date "2017.01.06"]
[Round "8"]
[White "Gomez Barrera, Javiera Belen"]
[Black "Santana Gonzalez, Valentina"]
[Result "1/2-1/2"]
[WhiteElo "1914"]
[BlackElo "1636"]
[PlyCount "57"]
[EventDate "2017.01.03"]
[EventType "swiss"]
[EventRounds "9"]
[EventCountry "CHI"]
[SourceTitle "CBM 176 Extra"]
[Source "ChessBase"]
[SourceDate "2017.03.02"]
[SourceVersion "1"]
[SourceVersionDate "2017.03.02"]
[SourceQuality "1"]

1. e4 c5 2. Nf3 d6 3. d4 cxd4 4. Nxd4 Nf6 5. Nc3 a6 6. Bg5 e6 7. f4 Be7 8. Qf3 h6 9. Bh4 Qc7 10. 0-0-0 Nbd7 11. g4 g5 12. fxg5 Ne5 13. Qg3 Nfxg4 14. gxh6 Bxh4 15. Qxh4 Qe7 16. Qg3 Qg5+ 17. Kb1 Qe3 18. Qxe3 Nxe3 19. Re1 Nxf1 20. Rexf1 Rxh6 21. Rfg1 b5 22. Rg8+ Ke7 23. Nf5+ exf5 24. Nd5+ Ke6 25. Nc7+ Kf6 26. Nd5+ Ke6 27. Nc7+ Kf6 28. Nd5+ Ke6 29. Nc7+ 1/2-1/2

[Event "CHI-ch (Women)"]
[Site "Santiago de Chile"]
[Date "2017.01.05"]
[Round "5"]
[White "Santana Gonzalez, Valentina"]
[Black "Figueroa Bernal, Julia Dennis Paloma"]
[Result "1-0"]
[WhiteElo "1636"]
[BlackElo "1476"]
[PlyCount "75"]
[EventDate "2017.01.03"]
[EventType "swiss"]
[EventRounds "9"]
[EventCountry "CHI"]
[SourceTitle "CBM 176 Extra"]
[Source "ChessBase"]
[SourceDate "2017.03.02"]
[SourceVersion "1"]
[SourceVersionDate "2017.03.02"]
[SourceQuality "1"]

1. d4 d5 2. c4 e6 3. Nc3 c6 4. Nf3 Nf6 5. Bg5 Nbd7 6. e3 Bd6 7. cxd5 cxd5 8. Bd3 0-0 9. 0-0 a6 10. a4 Re8 11. Qc2 h6 12. Bh4 b6 13. e4 dxe4 14. Nxe4 Be7 15. Ne5 Bb7 16. Nxd7 Nxd7 17. Nd6 Bxh4 18. Nxb7 Qe7 19. Qc6 Bf6 20. Qe4 g6 21. a5 Qb4 22. d5 Qxb2 23. Nd6 exd5 24. Qxd5 Ne5 25. Nxe8 Rxe8 26. Rab1 Qa3 27. Qb3 Qe7 28. axb6 Qb7 29. f3 Nc6 30. Be4 Qb8 31. Bxc6 Re5 32. Rfe1 Qd6 33. Rxe5 Bxe5 34. Bd5 Bxh2+ 35. Kh1 Qg3 36. Bxf7+ Kh7 37. Bg8+ Kh8 38. Qf7 1-0

[Event "South America-ch U16 Girls 13th"]
[Site "Santiago de Chile"]
[Date "2016.12.03"]
[Round "4"]
[White "Santana Gonzalez, Valentina"]
[Black "Campos Toledo, Andrea Celeste"]
[Result "0-1"]
[WhiteElo "1667"]
[BlackElo "1684"]
[PlyCount "58"]
[EventDate "2016.12.01"]
[EventType "swiss"]
[EventRounds "9"]
[EventCountry "CHI"]
[SourceTitle "EXT 2018"]
[Source "ChessBase"]
[SourceDate "2017.10.13"]
[SourceVersion "1"]
[SourceVersionDate "2017.10.13"]
[SourceQuality "1"]

1. d4 Nf6 2. c4 e6 3. Nc3 Bb4 4. a3 Bxc3+ 5. bxc3 d5 6. e3 0-0 7. Bd3 Nbd7 8. Ne2 c5 9. 0-0 Qc7 10. f3 cxd4 11. cxd4 dxc4 12. Bc2 e5 13. Bb2 b5 14. dxe5 Nxe5 15. f4 Neg4 16. Rf3 Qe7 17. Bxf6 Nxf6 18. Nd4 Bg4 19. Nf5 Qe6 20. Nd4 Qd5 21. Qe1 Bxf3 22. gxf3 Kh8 23. Qg3 Rae8 24. Rf1 Qc5 25. Kf2 Qxa3 26. Nf5 g6 27. Qg5 Nh5 28. e4 Qc3 29. Nd4 b4 0-1

[Event "South America-ch U16 Girls 13th"]
[Site "Santiago de Chile"]
[Date "2016.12.02"]
[Round "3"]
[White "Cardozo, Camila"]
[Black "Santana Gonzalez, Valentina"]
[Result "0-1"]
[WhiteElo "1487"]
[BlackElo "1667"]
[PlyCount "54"]
[EventDate "2016.12.01"]
[EventType "swiss"]
[EventRounds "9"]
[EventCountry "CHI"]
[SourceTitle "EXT 2018"]
[Source "ChessBase"]
[SourceDate "2017.10.13"]
[SourceVersion "1"]
[SourceVersionDate "2017.10.13"]
[SourceQuality "1"]

1. d4 Nf6 2. Nf3 c5 3. c3 Qc7 4. Bg5 Ne4 5. Bh4 d6 6. e3 Nd7 7. Nbd2 Nxd2 8. Qxd2 g6 9. Be2 Bg7 10. 0-0 Nf6 11. h3 0-0 12. Bd3 Qc6 13. Qc2 Bxh3 14. Bxf6 Bxf6 15. Be4 d5 16. Bd3 Bg4 17. Ne5 Bxe5 18. dxe5 c4 19. Be2 Bf5 20. Qd2 h5 21. Bf3 Rad8 22. Rad1 Bd3 23. Rfe1 Qc7 24. e4 dxe4 25. Be2 Qxe5 26. Bxd3 Rxd3 27. Qc2 Rfd8 0-1